LEADER 01155nam a2200253 i 4500 001 000000072312 003 CaOOAMICUS 005 20121107000000.0 008 121107s1985 xx u000 u eng u 013 $a43484 020 $a0-8091-2837-3 040 $aSeMil$bita 245 14$aThe code of canon law :$ba text and commentary /$cCommissioned by The Canon Law Society of America ; Edited by James A. Coriden ... [et al.]. 260 $aNew York ; Mahwah :$bPaulist Press,$c[1985] 300 $aXXVI, 1152 p. ;$c23 cm. 650 4$aCodex iuris canonici <1983> - Commentari e studi.$0(OLS)http://semarc/subject/328 700 1 $aCoriden, James A.$0(OLS)http://semarc/name/27534 700 1 $aThe Canon Law Society of America.$0(OLS)http://semarc/name/35817 850 $aSeMil 852 $aSeMil$W1$xVenegono$y1$m2J II 34$j38465$B38465$CSeMilBibl$Z2$F38468 $81 961 $aAcquisto: Herder 996 $6020$a0-8091-2837-3$9(OLS)http://semarc/number/51616 996 $6245$aThe code of canon law :$ba text and commentary$9(OLS)http://semarc/title/116529 996 $6260$aNew York ; Mahwah :$bPaulist Press$9(OLS)http://semarc/publisher/32439 LEADER 01083nam a2200241 i 4500 001 000000069545 003 CaOOAMICUS 005 20080423000000.0 008 080423s1952 it u000 u ita u 013 $a40717 040 $aSeMil$bita 100 1 $aRussell, Bertrand,$d<1872-1970>.$0(OLS)http://semarc/name/6603 240 14$aThe impact of science on society.$0(OLS)http://semarc/title/111348 245 12$aL'impulso della scienza sulla società /$cBertrand Russell ; [unica traduzione autorizzata dall'inglese di Raffaella Lottieri]. 260 $aMilano :$bA. Martello,$cstampa 1952. 300 $a159 p. ;$c19 cm. 650 4$aScienza.$0(OLS)http://semarc/subject/15939 650 4$aScienza e società.$0(OLS)http://semarc/subject/13784 700 1 $aLottieri, Raffaella.$0(OLS)http://semarc/name/34679 850 $aSeMil 852 $aSeMil$W1$xVenegono$y1$m2P I 145$j35698$B35698$CSeMilBibl$Z2$F35701 $81 996 $6245$aL'impulso della scienza sulla società$9(OLS)http://semarc/title/111347 996 $6260$aMilano :$bA. Martello$9(OLS)http://semarc/publisher/32451